| 000 | 01622nam0a2200373 4500 | ||
|---|---|---|---|
| 001 | RU\NLR\bibl\1477714 | ||
| 005 | 20260406112401.0 | ||
| 010 |
_a978-5-235-03310-8 _95000 |
||
| 021 |
_aRU _b2009-106415 _96777 |
||
| 035 | _a(NLR Aleph) 001469379 | ||
| 090 |
_a1633776 _c1633776 |
||
| 100 | _a20100226d2010 |||y0rusy50 ca | ||
| 101 | 0 | _arus | |
| 102 | _aRU | ||
| 105 | _aa ||||||||| | ||
| 200 | 1 |
_aБорис Пастернак _fДмитрий Быков |
|
| 205 | _a[Изд. 10-е] | ||
| 210 |
_aМосква _cМолодая гвардия _d2010 |
||
| 215 |
_a892,[2] с., [16] л. ил., портр. _d21 |
||
| 225 | 1 |
_aЖизнь замечательных людей _eсерия биографий _fоснована в 1890 году Ф. Павленковым и продолжена в 1933 году М. Горьким _vВып. 1409 (1209) |
|
| 320 | _aБиблиогр.: с. 890-891 | ||
| 333 | _a18+ | ||
| 600 | 1 |
_aПастернак _bБ.Л. _f1890 - 1960 _gБорис Леонидович _xБиография _91842441 _3RU\NLR\auth\66834173 |
|
| 686 | _aШ5(2=Р)7-4Пастернак | ||
| 700 | 1 |
_4070 _8rus _7ca _aБыков _bД. Л. _f1967- _cпублицист _gДмитрий Львович _3RU\NLR\auth\7728031 _911062 |
|
| 702 | 1 |
_4570 _8rus _7ca _aПастернак _bБ.Л. _f1890-1960 _gБорис Леонидович _3RU\NLR\auth\7737 _9110152 |
|
| 801 | 0 |
_aRU _bNLR _c20100226 _gRCR |
|
| 801 | 1 |
_aRU _bNLR _c20100226 |
|
| 830 | _aавт. по кн. | ||
| 942 | _cBOOK | ||
| 980 | _aNB | ||
| 980 | _aIA | ||
| 996 |
_aиноагент _bp _cБыков Дмитрий Львович |
||